| 000 | 00400 a2200133 4500 | ||
|---|---|---|---|
| 005 | 20250628120607.0 | ||
| 020 | _a0-471-64604-0 | ||
| 082 | _a657.044 FIN | ||
| 245 | _aFinancial Accounting: Tools for Business Decision-Making | ||
| 260 |
_aNew York, _bJohn Wiley & Sons, _c2001. |
||
| 300 |
_axviii, 842p.; ill.; figure, table, picture _bIndex _c29cm. |
||
| 700 | _aKIMMEL, P et all... | ||
| 942 |
_2ddc _cBKS |
||
| 999 |
_c5993 _d5993 |
||